Schnelle Mathematik - Quadratzahlen Level 14 - Statistiken

Allgemein
  • Dieses Quiz wurde 174 mal gespielt
  • Das Durchschnittsergebnis liegt bei 11 aus 20
Antwortstatistiken
Frage Antwort % Korrekt
12² 144
100%
16
100%
10² 100
88%
4
88%
20² 400
86%
49
85%
21² 441
83%
25² 625
83%
50² 2500
80%
16² 256
80%
11² 121
78%
13² 169
78%
14² 196
78%
25
77%
1
75%
36
75%
64
75%
81
75%
30² 900
75%
40² 1600
70%
22² 484
70%
18² 324
67%
19² 361
67%
9
60%
24² 576
57%
26² 676
56%
15² 225
50%
41² 1681
44%
38² 1444
33%
46² 2116
33%
47² 2209
30%
29² 841
30%
32² 1024
29%
36² 1296
29%
42² 1764
29%
17² 289
29%
31² 961
27%
33² 1089
25%
39² 1521
25%
27² 729
25%
35² 1225
20%
28² 784
17%
44² 1936
14%
43² 1849
13%
48² 2304
13%
34² 1156
11%
37² 1369
11%
49² 2401
11%
23² 529
11%
45² 2025
10%
Keine übereinstimmenden Quizze gefunden
Verteilung der Resultate
Anzahl Personen mit jedem Resultat
Perzentil nach korrekt beantworteten Fragen
Ihre Resultats-Entwicklung
Sie haben dieses Quiz noch nicht gespielt